| 000 | 01430nam2a22002411 4500 | ||
|---|---|---|---|
| 001 | rc\889102 | ||
| 005 | 20250621233443.0 | ||
| 035 | _a(NLR Aleph) 005978382 | ||
| 090 |
_a7002511 _c7002511 |
||
| 100 | _a20041129d1984 |||y0rusy50 ca | ||
| 101 | 0 | _arus | |
| 102 | _aRU | ||
| 105 | _ay ||||||||| | ||
| 200 | 1 |
_aГорода и районы _f[Подгот.: А.В. Чурина, библиограф, А.В. Грянкина] |
|
| 210 |
_d1984 _aБ. м. |
||
| 215 | _a36 с. | ||
| 300 | _aНа тит. л.: Всесоюз. смотр самодеят. худож. творчества, посвящ. 40-летию Победы сов. народа в Великой Отеч. войне | ||
| 461 | 0 |
_1001rc\1189005 _12001#$aКалининская область в поэзии$eРек. указ.$e[В 3 вып.]$fОбл. науч.-метод. центр нар. творчества и культпросветработы, Обл. б-ка им. А.М. Горького$vВып. 1 _96959762 _cКалинин _d1984 _fОбл. науч.-метод. центр нар. творчества и культпросветработы, Обл. б-ка им. А.М. Горького _nУпрполиграфиздат _oРек. указ. : [В 3 вып.] _tКалининская область в поэзии _vВып. 1 |
|
| 801 | 0 |
_aRU _bNLR _gpsbo |
|
| 801 | 1 |
_aRU _bELAR _2rusmarc |
|
| 852 |
_aNLR _bС _jК-1/2969 |
||
| 942 | _cBOOK | ||
| 980 | _aNB | ||